000 00370nam a22001577a 4500
999 _c2578
_d2578
008 200311b ||||| |||| 00| 0 eng d
082 0 0 _a536
_bN194
100 _9673
_aNaokes, G. R.
245 1 0 _aA Text book of heat
_cby G. R. Naokes
250 _a1st ed.
260 _aLondon
_bMacmillan
_c1953
300 _avi,469p.
365 _d9.00
650 0 _aHeat
942 _cBK